| 000 | 00682nam a22002297a 4500 | ||
|---|---|---|---|
| 003 | OSt | ||
| 005 | 20140310182312.0 | ||
| 008 | 121116t xxu||||| |||| 00| 0 eng d | ||
| 020 | _a0689825234 | ||
| 050 |
_aPZ 7 _b.N976Hab 1997 |
||
| 082 |
_aFIC _bN98h 1997 |
||
| 100 |
_aNye, Naomi Shihab _920956 |
||
| 245 |
_aHabibi / _cNaomi Shihab Nye. |
||
| 260 |
_aNew York : _bAladdin Paperbacks, _c1997. |
||
| 300 |
_a271 p. ; _c18 cm. |
||
| 650 |
_aFamily life _xFiction _xJerusalem _920957 |
||
| 650 |
_aJerusalem _xFiction _920958 |
||
| 650 |
_aEmigration and immigration _xfiction _920959 |
||
| 650 |
_aJewish _xArab relations- _xFiction _920960 |
||
| 942 |
_2lcc _cBK-FIC |
||
| 999 |
_c11697 _d11697 |
||